[Event "Guernsey Open 47th"]
[Site "Guernsey"]
[Date "2023.10.21"]
[Round "7"]
[White "De Kruif, Kees"]
[Black "Strade, Arita"]
[Result "0-1"]
[WhiteElo "1887"]
[BlackElo "1926"]
[PlyCount "78"]
[EventDate "2023.10.15"]
[EventType "swiss"]
[EventRounds "7"]
[EventCountry "GCI"]
[SourceVersionDate "2023.10.28"]

1. b4 Nf6 2. Bb2 e6 3. b5 d5 4. e3 Bd6 5. Nf3 c6 6. a4 O-O 7. c4 Nbd7 8. Be2 e5
9. d3 e4 10. Nfd2 Nc5 11. d4 Nd3+ 12. Bxd3 exd3 13. c5 Bc7 14. Nf3 Bf5 15. Nh4
d2+ 16. Nxd2 Bd3 17. Qb3 Ng4 18. Nhf3 Bg6 19. h3 Nf6 20. O-O Nd7 21. Rfc1 Re8
22. Bc3 Re6 23. Ra2 f5 24. Re1 Bf7 25. Bb4 h6 26. Qb1 Qf6 27. Ra1 Rae8 28. Qd3
g5 29. bxc6 bxc6 30. Qb3 Bb8 31. Rab1 g4 32. Ne5 Nxe5 33. dxe5 Qxe5 34. Qd3
Qh2+ 35. Kf1 gxh3 36. Qxf5 hxg2+ 37. Ke2 Qh5+ 38. Qxh5 Bxh5+ 39. f3 Rxe3+ 0-1

[Event "Guernsey Open 47th"]
[Site "Guernsey"]
[Date "2023.10.21"]
[Round "7"]
[White "Dijksterhuis, Rolf"]
[Black "Heppell, Ian N"]
[Result "1/2-1/2"]
[WhiteElo "1872"]
[BlackElo "1944"]
[PlyCount "67"]
[EventDate "2023.10.15"]
[EventType "swiss"]
[EventRounds "7"]
[EventCountry "GCI"]
[SourceVersionDate "2023.10.28"]

1. c4 e5 2. Nc3 Nc6 3. g3 d6 4. Bg2 f5 5. d3 Nf6 6. Nf3 Be7 7. O-O O-O 8. Rb1
Qe8 9. b4 Bd8 10. Qc2 f4 11. gxf4 Qh5 12. e3 exf4 13. exf4 Bg4 14. Ng5 h6 15.
f3 Bf5 16. Nge4 Be7 17. Be3 Qg6 18. b5 Nb8 19. Rbd1 Nbd7 20. Ng3 Nc5 21. Nce4
Be6 22. d4 Ncd7 23. d5 Bf5 24. Bd4 Nh5 25. Nxh5 Qxh5 26. Qb2 Bf6 27. Bxf6 Nxf6
28. Qf2 Rae8 29. Rfe1 Nxe4 30. fxe4 Bxe4 31. Bxe4 Rxe4 32. Rxe4 Qxd1+ 33. Kg2
Qd3 34. Rd4 1/2-1/2

[Event "Guernsey Open 47th"]
[Site "Guernsey"]
[Date "2023.10.21"]
[Round "7"]
[White "Downey, Keith"]
[Black "Murray, J Stephen"]
[Result "1/2-1/2"]
[WhiteElo "1742"]
[BlackElo "1702"]
[PlyCount "48"]
[EventDate "2023.10.15"]
[EventType "swiss"]
[EventRounds "7"]
[EventCountry "GCI"]
[SourceVersionDate "2023.10.28"]

1. d4 Nf6 2. Nf3 e6 3. g3 d5 4. Bg2 Be7 5. c4 O-O 6. Qc2 c6 7. O-O Nbd7 8. Nbd2
Re8 9. b3 b6 10. Bb2 Bb7 11. Rac1 Rc8 12. Qb1 c5 13. e3 dxc4 14. Nxc4 Bd5 15.
Qa1 Rc7 16. Rfd1 Qa8 17. Ncd2 Bb7 18. Ne1 Bxg2 19. Nxg2 Rec8 20. Qb1 Qb7 21.
Qd3 cxd4 22. Qxd4 Rxc1 23. Rxc1 Rxc1+ 24. Bxc1 Qd5 1/2-1/2

[Event "Guernsey Challengers 47th"]
[Site "Guernsey"]
[Date "2023.10.15"]
[Round "1"]
[White "Hoogakker, Peter"]
[Black "Finch, Russell"]
[Result "1/2-1/2"]
[WhiteElo "1877"]
[BlackElo "1619"]
[PlyCount "74"]
[EventDate "2023.10.15"]
[EventType "swiss"]
[EventRounds "7"]
[EventCountry "GCI"]
[SourceTitle "BritBase"]
[Source "John Saunders"]
[SourceDate "2023.11.18"]
[SourceVersion "1"]
[SourceVersionDate "2023.11.13"]
[SourceQuality "1"]

1. e4 g6 2. Bc4 Bg7 3. Nf3 d6 4. O-O Nf6 5. Re1 O-O 6. d4 Nc6 7. c3 e5 8. Bg5
Qe8 9. Nbd2 Bg4 10. h3 Bxf3 11. Nxf3 a6 12. a4 h6 13. Bxf6 Bxf6 14. a5 Qe7 15.
Qd2 Kg7 16. d5 Nb8 17. Qe2 Nd7 18. b4 Rfc8 19. Qd3 Nb8 20. Reb1 Qd7 21. Nd2 Bg5
22. Nf3 Bf4 23. g3 Bg5 24. h4 Be7 25. Nh2 Qh3 26. Qf3 h5 27. Bf1 Qd7 28. Be2
Rf8 29. Bd3 Qh3 30. Qe3 f6 31. Ra2 Qd7 32. Rba1 Qe8 33. Bf1 g5 34. hxg5 fxg5
35. Nf3 Qg6 36. Nh2 g4 37. Bg2 Bg5 1/2-1/2

[Event "Guernsey Challengers 47th"]
[Site "Guernsey"]
[Date "2023.10.15"]
[Round "1"]
[White "Collins, Alan"]
[Black "Dennis, Nigel W"]
[Result "1/2-1/2"]
[WhiteElo "1612"]
[BlackElo "1792"]
[PlyCount "54"]
[EventDate "2023.10.15"]
[EventType "swiss"]
[EventRounds "7"]
[EventCountry "GCI"]
[SourceTitle "BritBase"]
[Source "John Saunders"]
[SourceDate "2023.11.18"]
[SourceVersion "1"]
[SourceVersionDate "2023.11.13"]
[SourceQuality "1"]

1. f4 c5 2. e4 d6 3. Nf3 g6 4. g3 Bg7 5. Bg2 Nc6 6. c3 Bg4 7. O-O Nf6 8. Qe1
Bxf3 9. Bxf3 Qc7 10. Na3 O-O 11. Nc2 Nd7 12. Ne3 e6 13. Rb1 b5 14. a3 Rab8 15.
b4 a5 16. f5 Nce5 17. fxe6 Nxf3+ 18. Rxf3 fxe6 19. Rxf8+ Rxf8 20. bxa5 Qxa5 21.
Qe2 c4 22. Qg4 Nc5 23. Nc2 Qd8 24. Rxb5 Qf6 25. Qe2 Nxe4 26. Ne3 d5 27. a4 Qe7
1/2-1/2

[Event "Guernsey Challengers 47th"]
[Site "Guernsey"]
[Date "2023.10.15"]
[Round "1"]
[White "Berkley, Stephen W"]
[Black "Steinbergs, Viktors"]
[Result "1-0"]
[WhiteElo "1595"]
[BlackElo "1763"]
[PlyCount "97"]
[EventDate "2023.10.15"]
[EventType "swiss"]
[EventRounds "7"]
[EventCountry "GCI"]
[SourceTitle "BritBase"]
[Source "John Saunders"]
[SourceDate "2023.11.18"]
[SourceVersion "1"]
[SourceVersionDate "2023.11.13"]
[SourceQuality "1"]

1. d4 f5 2. Nf3 Nf6 3. g3 e6 4. Bg2 Be7 5. O-O O-O 6. c4 d5 7. Nc3 c6 8. b3
Nbd7 9. Bb2 Ne4 10. e3 Ndf6 11. Ne5 Qa5 12. Qc2 Bb4 13. Ne2 Be7 14. f3 Nd6 15.
Nf4 g5 16. Nfd3 Nf7 17. Bc3 Qc7 18. c5 Bd7 19. b4 Be8 20. a4 Nd7 21. Nxd7 Qxd7
22. e4 dxe4 23. fxe4 Bf6 24. e5 Bg7 25. b5 Nh6 26. h3 Bg6 27. bxc6 bxc6 28. Nb4
Rac8 29. Qd2 Nf7 30. a5 Rfd8 31. Qa2 Bh6 32. Qa4 g4 33. Rad1 gxh3 34. Bxc6 Qe7
35. Kh2 f4 36. gxf4 Qh4 37. Be1 Bxf4+ 38. Kh1 Bg3 39. Bxg3 Qxg3 40. Rg1 Qe3 41.
Qc2 Ng5 42. Rxg5 Qxg5 43. Be4 Qg4 44. Rg1 Qh5 45. Bxg6 hxg6 46. Rxg6+ Kf7 47.
Rf6+ Ke7 48. c6 Rxd4 49. Qc5+ 1-0

[Event "Guernsey Challengers 47th"]
[Site "Guernsey"]
[Date "2023.10.15"]
[Round "1"]
[White "Turner, David J"]
[Black "Gunn, Michael J"]
[Result "1/2-1/2"]
[WhiteElo "1750"]
[BlackElo "1567"]
[PlyCount "54"]
[EventDate "2023.10.15"]
[EventType "swiss"]
[EventRounds "7"]
[EventCountry "GCI"]
[SourceTitle "BritBase"]
[Source "John Saunders"]
[SourceDate "2023.11.18"]
[SourceVersion "1"]
[SourceVersionDate "2023.11.13"]
[SourceQuality "1"]

1. e4 d5 2. exd5 Nf6 3. Nc3 Nxd5 4. Nxd5 Qxd5 5. Qf3 Qxf3 6. Nxf3 Bf5 7. c3 c6
8. d4 Nd7 9. Bc4 e6 10. Bf4 Be7 11. O-O h6 12. Rfe1 Nb6 13. Bb3 Nd5 14. Be5 Nf6
15. h3 O-O 16. Rac1 Rfe8 17. Bc2 Bxc2 18. Rxc2 Nd7 19. Kf1 Nxe5 20. Nxe5 Rad8
21. g3 Rd5 22. Rce2 c5 23. Nf3 cxd4 24. Nxd4 Bf6 25. Nc2 Red8 26. Ne3 Rd3 27.
Ng4 Be7 1/2-1/2

[Event "Guernsey Challengers 47th"]
[Site "Guernsey"]
[Date "2023.10.15"]
[Round "1"]
[White "Rowe, Oliver"]
[Black "Remie, Peter"]
[Result "0-1"]
[WhiteElo "1541"]
[BlackElo "1728"]
[PlyCount "26"]
[EventDate "2023.10.15"]
[EventType "swiss"]
[EventRounds "7"]
[EventCountry "GCI"]
[SourceTitle "BritBase"]
[Source "John Saunders"]
[SourceDate "2023.11.18"]
[SourceVersion "1"]
[SourceVersionDate "2023.11.13"]
[SourceQuality "1"]

1. d4 Nf6 2. Bf4 d6 3. Nf3 Bg4 4. h3 Bh5 5. e3 a6 6. Be2 Nbd7 7. c3 c5 8. a4
cxd4 9. exd4 Qb6 10. Ra2 Bg6 11. Bd3 Bxd3 12. a5 Qb5 13. Na3 Qf5 0-1

[Event "Guernsey Challengers 47th"]
[Site "Guernsey"]
[Date "2023.10.15"]
[Round "1"]
[White "Goris Schouwstra, Adry"]
[Black "Harnden, Terry"]
[Result "1/2-1/2"]
[WhiteElo "1715"]
[BlackElo "1524"]
[PlyCount "86"]
[EventDate "2023.10.15"]
[EventType "swiss"]
[EventRounds "7"]
[EventCountry "GCI"]
[SourceTitle "BritBase"]
[Source "John Saunders"]
[SourceDate "2023.11.18"]
[SourceVersion "1"]
[SourceVersionDate "2023.11.13"]
[SourceQuality "1"]

1. d4 Nf6 2. c4 e6 3. Nc3 Bb4 4. Bd2 O-O 5. Nf3 h6 6. e3 b6 7. Be2 Ba6 8. O-O
Bxc3 9. Bxc3 d5 10. cxd5 Bxe2 11. Qxe2 exd5 12. Rac1 Nbd7 13. b4 Ne4 14. Bb2
Nd6 15. a4 Nc4 16. Ba1 Nf6 17. Ne5 Nxe5 18. dxe5 Ne4 19. Rfd1 c5 20. f3 Ng5 21.
bxc5 Ne6 22. cxb6 axb6 23. Qb5 Nc5 24. Rd4 Ra5 25. Qb1 Rxa4 26. Rxa4 Nxa4 27.
Bd4 Re8 28. f4 Re7 29. Rc6 Re6 30. Rxe6 fxe6 31. Qb5 Nc5 32. Bxc5 bxc5 33. Qxc5
Qf8 34. Qc6 Qf7 35. h3 Kh7 36. Kf2 h5 37. Qc2+ g6 38. g3 Kg7 39. Kf3 g5 40. Qd3
Kh6 41. e4 g4+ 42. hxg4 hxg4+ 43. Ke3 Qa7+ 1/2-1/2

[Event "Guernsey Challengers 47th"]
[Site "Guernsey"]
[Date "2023.10.15"]
[Round "1"]
[White "Reink, Geerhard"]
[Black "Jongerius, Marc"]
[Result "1-0"]
[WhiteElo "1520"]
[BlackElo "1695"]
[PlyCount "107"]
[EventDate "2023.10.15"]
[EventType "swiss"]
[EventRounds "7"]
[EventCountry "GCI"]
[SourceTitle "BritBase"]
[Source "John Saunders"]
[SourceDate "2023.11.18"]
[SourceVersion "1"]
[SourceVersionDate "2023.11.13"]
[SourceQuality "1"]

1. c4 e5 2. Nc3 c6 3. e4 Nf6 4. g3 d5 5. cxd5 cxd5 6. exd5 Nxd5 7. Bg2 Nb4 8.
Be4 Nd3+ 9. Bxd3 Qxd3 10. Qe2 Qxe2+ 11. Ngxe2 Nc6 12. Nb5 Kd8 13. a3 a6 14.
Nbc3 Bc5 15. O-O Bf5 16. b4 Ba7 17. Bb2 Nd4 18. Nxd4 Bxd4 19. Nd1 Bxb2 20. Nxb2
b5 21. Rac1 Kd7 22. Rc5 Kd6 23. f4 Rhc8 24. fxe5+ Ke6 25. d4 Be4 26. Rf4 Bd5
27. Nd3 Bc4 28. Rxc8 Rxc8 29. Nc5+ Ke7 30. Kf2 Ra8 31. Ke3 a5 32. Ke4 axb4 33.
axb4 Rd8 34. Rf2 Bd5+ 35. Ke3 Ra8 36. Rc2 Ra1 37. Nd3 Bc4 38. Ke4 Ra3 39. Nb2
Ra2 40. d5 Kd7 41. Kd4 Bb3 42. Rf2 Ke7 43. Nd3 Ra4 44. d6+ Kd7 45. Nc5+ Kc6 46.
Nxa4 bxa4 47. Rd2 Be6 48. Kc3 Bd7 49. Rd4 Kb6 50. Rc4 Be6 51. Rc7 a3 52. Re7 a2
53. Kb2 Kc6 54. Rxe6 1-0

[Event "Guernsey Challengers 47th"]
[Site "Guernsey"]
[Date "2023.10.15"]
[Round "1"]
[White "Dam, Karsten"]
[Black "Royle, Nick"]
[Result "1-0"]
[WhiteElo "1665"]
[BlackElo "1506"]
[PlyCount "43"]
[EventDate "2023.10.15"]
[EventType "swiss"]
[EventRounds "7"]
[EventCountry "GCI"]
[SourceTitle "BritBase"]
[Source "John Saunders"]
[SourceDate "2023.11.18"]
[SourceVersion "1"]
[SourceVersionDate "2023.11.13"]
[SourceQuality "1"]

1. e4 c5 2. c3 d5 3. exd5 Qxd5 4. Nf3 Nf6 5. Be2 Bf5 6. d4 Bxb1 7. Qa4+ Nc6 8.
Rxb1 cxd4 9. Nxd4 e5 10. Nxc6 bxc6 11. O-O Bc5 12. Rd1 Qe6 13. Bc4 Qc8 14.
Bxf7+ Kxf7 15. Qc4+ Qe6 16. Qxc5 Qxa2 17. Bg5 Rhd8 18. Qxe5 Qxb2 19. Bxf6 Rxd1+
20. Rxd1 gxf6 21. Rd7+ Kg6 22. Qe4+ 1-0

[Event "Guernsey Challengers 47th"]
[Site "Guernsey"]
[Date "2023.10.15"]
[Round "1"]
[White "Flanagan, Keith"]
[Black "Goman, Colin R"]
[Result "1-0"]
[WhiteElo "1443"]
[BlackElo "1636"]
[PlyCount "122"]
[EventDate "2023.10.15"]
[EventType "swiss"]
[EventRounds "7"]
[EventCountry "GCI"]
[SourceTitle "BritBase"]
[Source "John Saunders"]
[SourceDate "2023.11.18"]
[SourceVersion "1"]
[SourceVersionDate "2023.11.13"]
[SourceQuality "1"]

1. e4 d6 2. Nc3 Nf6 3. d3 e5 4. f4 exf4 5. Bxf4 Bg4 6. Be2 Bxe2 7. Qxe2 Be7 8.
Nh3 Nc6 9. O-O Qd7 10. Nd5 O-O-O 11. c3 Ne5 12. Nf2 Nxd5 13. exd5 Ng6 14. Bg3
Rde8 15. Qf3 Rhf8 16. d4 Bd8 17. Nd3 Kb8 18. a4 f5 19. Nf4 Nxf4 20. Bxf4 g5 21.
Bd2 Qf7 22. c4 Bf6 23. Bc3 f4 24. Kh1 Re3 25. Qf2 Qg7 26. Rad1 Rfe8 27. Rfe1
Rxe1+ 28. Rxe1 Rxe1+ 29. Qxe1 Qe7 30. Qe6 Qxe6 31. dxe6 c6 32. d5 Be7 33. Bg7
h5 34. Kg1 Kc7 35. Kf2 a6 36. g3 fxg3+ 37. hxg3 Kb6 38. b4 cxd5 39. cxd5 Kc7
40. Kf3 Kb6 41. Bd4+ Kc7 42. Be3 b5 43. a5 Kd8 44. Ke4 h4 45. gxh4 gxh4 46. Kf5
h3 47. Bf4 Ke8 48. Kg4 Kf8 49. Kxh3 Kg7 50. Kg4 Kf6 51. Bg5+ Ke5 52. Bxe7 Kxd5
53. Kf5 Kc6 54. Kf6 d5 55. Bc5 Kc7 56. Kf7 Kc6 57. e7 Kd7 58. e8=Q+ Kc7 59.
Qe7+ Kc8 60. Bb6 Kb8 61. Qc7+ Ka8 1-0

[Event "Guernsey Challengers 47th"]
[Site "Guernsey"]
[Date "2023.10.15"]
[Round "1"]
[White "Poldermans, Daan"]
[Black "De Lisle, Daniel"]
[Result "0-1"]
[WhiteElo "1629"]
[BlackElo "1390"]
[PlyCount "98"]
[EventDate "2023.10.15"]
[EventType "swiss"]
[EventRounds "7"]
[EventCountry "GCI"]
[SourceTitle "BritBase"]
[Source "John Saunders"]
[SourceDate "2023.11.18"]
[SourceVersion "1"]
[SourceVersionDate "2023.11.13"]
[SourceQuality "1"]

1. e4 c5 2. c3 a6 3. d4 e6 4. Nf3 cxd4 5. cxd4 Bb4+ 6. Nc3 Ne7 7. Bd3 O-O 8.
O-O d6 9. e5 dxe5 10. dxe5 Nbc6 11. Qe2 Nf5 12. Rd1 Qc7 13. g4 Nfe7 14. Bf4 Ng6
15. Bg3 Qa5 16. Rac1 Bc5 17. Bb1 Qb4 18. h3 Nf4 19. Qc2 g6 20. Ne4 Nxh3+ 21.
Kg2 Nxf2 22. Bxf2 Bxf2 23. Nf6+ Kg7 24. Qxf2 Ne7 25. Qh4 h6 26. Qf2 b5 27. Rd4
Qa5 28. Rh1 Rh8 29. Kg3 Bb7 30. Rhd1 b4 31. Rd7 Bxf3 32. Kxf3 Qa4 33. Kg2 Qc6+
34. Be4 Nd5 35. R7xd5 exd5 36. Bxd5 Qc7 37. Bxa8 Rxa8 38. Nd7 Rd8 39. Qf6+ Kg8
40. Qd6 Qc2+ 41. Rd2 Qe4+ 42. Kf2 Qf4+ 43. Ke1 Qg3+ 44. Rf2 Qg1+ 45. Kd2 Qxf2+
46. Kd3 Qf3+ 47. Kd2 Qf4+ 48. Kd3 Rxd7 49. Qxd7 Qxe5 {.... (0-1, 60)} 0-1

[Event "Guernsey Challengers 47th"]
[Site "Guernsey"]
[Date "2023.10.15"]
[Round "1"]
[White "Bennett, David"]
[Black "Walker, Elmira"]
[Result "0-1"]
[WhiteElo "1380"]
[BlackElo "1626"]
[PlyCount "224"]
[EventDate "2023.10.15"]
[EventType "swiss"]
[EventRounds "7"]
[EventCountry "GCI"]
[SourceTitle "BritBase"]
[Source "John Saunders"]
[SourceDate "2023.11.18"]
[SourceVersion "1"]
[SourceVersionDate "2023.11.13"]
[SourceQuality "1"]

1. Nf3 Nf6 2. d4 g6 3. Bf4 d6 4. h3 Bg7 5. Nbd2 Nbd7 6. e3 O-O 7. Be2 Re8 8.
O-O e5 9. dxe5 dxe5 10. Bg3 c5 11. Nc4 Ne4 12. Nd6 Nxd6 13. Qxd6 Re6 14. Qd1
Qe7 15. Rb1 a6 16. c3 b5 17. Bh4 Qf8 18. c4 b4 19. b3 Rd6 20. Qc2 Nb6 21. Bg3
Qe8 22. Rbd1 Rxd1 23. Rxd1 e4 24. Nh2 Bf5 25. Bg4 Rd8 26. Bxf5 gxf5 27. Bc7
Rxd1+ 28. Qxd1 Nd7 29. Qh5 Qe6 30. Bf4 Nf6 31. Qh4 Ne8 32. Qg3 Kh8 33. f3 Qd7
34. Nf1 a5 35. Be5 f6 36. Bf4 a4 37. Qf2 axb3 38. axb3 Bf8 39. Qc2 exf3 40.
gxf3 Nd6 41. Ng3 Qe6 42. Qa2 Nf7 43. Qb2 Ne5 44. Bxe5 fxe5 45. f4 Bd6 46. e4
fxe4 47. Nxe4 Qg6+ 48. Qg2 Bc7 49. Qxg6 hxg6 50. fxe5 Bxe5 51. Kg2 Kg7 52. Nxc5
Kf7 53. Nd3 Bc3 54. Kf3 Ke6 55. Ke4 g5 56. Kf3 Kf5 57. Nf2 Ke5 58. Kg4 Bd2 59.
h4 gxh4 60. Kh3 Kd4 61. c5 Bf4 62. Kxh4 Kc3 63. Kg4 Bc7 64. Ne4+ Kxb3 65. c6
Kc2 66. Nc5 Bd6 67. Ne4 Bc7 68. Nc5 Kc3 69. Ne4+ Kc4 70. Nd2+ Kc5 71. Ne4+ Kxc6
72. Nd2 Kb5 73. Kf3 Be5 74. Ke2 Bc3 75. Nb1 Kc4 76. Kd1 Kb3 77. Kc1 Bb2+ 78.
Kd1 Ka2 79. Nd2 Bc3 80. Nc4 Kb3 81. Ne3 Ka4 82. Kc2 Bh8 83. Kb1 b3 84. Nd1 Ka3
85. Kc1 Ka2 86. Kd2 Kb1 87. Kd3 Kc1 88. Kc4 Kc2 89. Ne3+ Kb2 90. Nd1+ Ka2 91.
Kd3 Bf6 92. Kd2 Kb1 93. Kd3 Bg5 94. Nc3+ Kc1 95. Na4 Bf6 96. Kc4 Kc2 97. Kb4
Be7+ 98. Kc4 Ba3 99. Kb5 Kd3 100. Ka5 Kc4 101. Nb6+ Kd4 102. Na4 Bc5 103. Kb5
Be7 104. Nb2 Kc3 105. Nc4 Bf8 106. Ne3 Bh6 107. Nc4 Bg5 108. Na3 b2 109. Ka4
Bf4 110. Nb5+ Kc2 111. Na3+ Kc1 112. Kb3 Bd6 0-1

[Event "Guernsey Challengers 47th"]
[Site "Guernsey"]
[Date "2023.10.16"]
[Round "2"]
[White "Nevska, Gerda"]
[Black "Berkley, Stephen W"]
[Result "1/2-1/2"]
[WhiteElo "1765"]
[BlackElo "1595"]
[PlyCount "95"]
[EventDate "2023.10.15"]
[EventType "swiss"]
[EventRounds "7"]
[EventCountry "GCI"]
[SourceTitle "BritBase"]
[Source "John Saunders"]
[SourceDate "2023.11.18"]
[SourceVersion "1"]
[SourceVersionDate "2023.11.13"]
[SourceQuality "1"]

1. e4 e6 2. d4 d5 3. Nd2 dxe4 4. Nxe4 Bd7 5. Nf3 Bc6 6. Bd3 Nd7 7. c3 Ngf6 8.
Qe2 Nxe4 9. Bxe4 Bxe4 10. Qxe4 c6 11. Bg5 Be7 12. h4 h6 13. Bxe7 Qxe7 14. O-O-O
Nf6 15. Qe2 O-O-O 16. Rhe1 Kb8 17. c4 Qc7 18. Kb1 c5 19. dxc5 Qxc5 20. Ne5 Qe7
21. Qf3 Rxd1+ 22. Rxd1 Rc8 23. g4 Rc7 24. g5 hxg5 25. hxg5 Nd7 26. Nxf7 Rxc4
27. Nd6 Rc7 28. Qf4 e5 29. Qe3 Qe6 30. Nb5 Qf5+ 31. Ka1 Rc5 32. Nc3 Rc4 33. f3
b6 34. a3 Nc5 35. b4 Nb3+ 36. Kb2 Nd4 37. Qd3 Qxd3 38. Rxd3 Ne6 39. Ne4 Nd4 40.
g6 Rc6 41. f4 Rxg6 42. fxe5 Nc6 43. Rd5 Re6 44. Rd6 Rxe5 45. Rxc6 Rxe4 46. Rg6
Re7 47. Kb3 Kc8 48. Kc4 1/2-1/2

[Event "Guernsey Challengers 47th"]
[Site "Guernsey"]
[Date "2023.10.16"]
[Round "2"]
[White "Remie, Peter"]
[Black "Reink, Geerhard"]
[Result "0-1"]
[WhiteElo "1728"]
[BlackElo "1520"]
[PlyCount "80"]
[EventDate "2023.10.15"]
[EventType "swiss"]
[EventRounds "7"]
[EventCountry "GCI"]
[SourceTitle "BritBase"]
[Source "John Saunders"]
[SourceDate "2023.11.18"]
[SourceVersion "1"]
[SourceVersionDate "2023.11.13"]
[SourceQuality "1"]

1. d4 Nf6 2. c4 g6 3. Nc3 d5 4. cxd5 Nxd5 5. e4 Nxc3 6. bxc3 Bg7 7. e5 c5 8.
Bb5+ Bd7 9. Bxd7+ Qxd7 10. Be3 cxd4 11. cxd4 O-O 12. Nf3 Nc6 13. O-O f6 14.
Qb3+ e6 15. Rad1 Ne7 16. exf6 Bxf6 17. Ng5 Nd5 18. Bc1 Rac8 19. Qh3 Rxc1 20.
Rxc1 Bxg5 21. Rc5 Bf6 22. Qg4 Rc8 23. Rxc8+ Qxc8 24. Re1 Kf7 25. h4 h5 26. Qf3
b5 27. g4 hxg4 28. Qxg4 b4 29. h5 g5 30. Qe4 Nf4 31. Qh7+ Ke8 32. Qg8+ Kd7 33.
Qf7+ Be7 34. d5 e5 35. d6 Kxd6 36. Rd1+ Kc6 37. Rc1+ Bc5 38. Qf6+ Kb5 39. Rc2
Qg4+ 40. Kf1 Qd1# 0-1

[Event "Guernsey Challengers 47th"]
[Site "Guernsey"]
[Date "2023.10.16"]
[Round "2"]
[White "De Lisle, Daniel"]
[Black "Dam, Karsten"]
[Result "0-1"]
[WhiteElo "1390"]
[BlackElo "1665"]
[PlyCount "36"]
[EventDate "2023.10.15"]
[EventType "swiss"]
[EventRounds "7"]
[EventCountry "GCI"]
[SourceTitle "BritBase"]
[Source "John Saunders"]
[SourceDate "2023.11.18"]
[SourceVersion "1"]
[SourceVersionDate "2023.11.13"]
[SourceQuality "1"]

1. e4 c5 2. Nf3 e6 3. d4 d5 4. Nc3 cxd4 5. Nxd4 Nf6 6. exd5 exd5 7. Bb5+ Bd7 8.
O-O Be7 9. Re1 O-O 10. Bf4 Nc6 11. a3 Bc5 12. Nxc6 bxc6 13. Ba4 Qb6 14. Be3 d4
15. b4 dxe3 16. bxc5 exf2+ 17. Kxf2 Qxc5+ 18. Re3 Ng4+ 0-1

[Event "Guernsey Challengers 47th"]
[Site "Guernsey"]
[Date "2023.10.16"]
[Round "2"]
[White "Walker, Elmira"]
[Black "Flanagan, Keith"]
[Result "1-0"]
[WhiteElo "1626"]
[BlackElo "1443"]
[PlyCount "69"]
[EventDate "2023.10.15"]
[EventType "swiss"]
[EventRounds "7"]
[EventCountry "GCI"]
[SourceTitle "BritBase"]
[Source "John Saunders"]
[SourceDate "2023.11.18"]
[SourceVersion "1"]
[SourceVersionDate "2023.11.13"]
[SourceQuality "1"]

1. e4 c5 2. Nf3 Nf6 3. Nc3 e6 4. d4 cxd4 5. Nxd4 Nc6 6. Nb3 Bb4 7. Bg5 Be7 8.
f4 d5 9. exd5 Nxd5 10. Nxd5 Bxg5 11. fxg5 exd5 12. Qd2 Bg4 13. Qe3+ Ne7 14. h3
Be6 15. O-O-O O-O 16. Bd3 Bf5 17. g4 Bxd3 18. Rxd3 Nc6 19. a3 Re8 20. Qd2 Re5
21. h4 Qd6 22. h5 Rae8 23. Kb1 b6 24. h6 Qg6 25. Rxd5 Qe4 26. Rd1 Rxd5 27. Qxd5
Qxd5 28. Rxd5 f6 29. gxf6 gxf6 30. Rd6 Ne5 31. Rxf6 Nxg4 32. Rd6 Kf7 33. Nd4
Ne3 34. Nc6 Re6 35. Nd8+ 1-0

[Event "Guernsey Challengers 47th"]
[Site "Guernsey"]
[Date "2023.10.16"]
[Round "2"]
[White "Gunn, Michael J"]
[Black "Hoogakker, Peter"]
[Result "0-1"]
[WhiteElo "1567"]
[BlackElo "1877"]
[PlyCount "70"]
[EventDate "2023.10.15"]
[EventType "swiss"]
[EventRounds "7"]
[EventCountry "GCI"]
[SourceTitle "BritBase"]
[Source "John Saunders"]
[SourceDate "2023.11.18"]
[SourceVersion "1"]
[SourceVersionDate "2023.11.13"]
[SourceQuality "1"]

1. e4 e5 2. Nf3 Nc6 3. Bc4 Nf6 4. d4 exd4 5. e5 d5 6. Bb5 Ne4 7. Nxd4 Bd7 8.
Bxc6 bxc6 9. O-O Bc5 10. Be3 Bb6 11. f3 Ng5 12. Qd2 h6 13. Ne2 O-O 14. Bxb6
cxb6 15. Nbc3 Qe7 16. f4 Ne4 17. Nxe4 dxe4 18. Qd6 Qxd6 19. exd6 f5 20. Rad1
Rad8 21. a3 Be6 22. Nc3 Rd7 23. Rd2 Rfd8 24. Rfd1 Bf7 25. Kf2 Bh5 26. Ne2 Kf7
27. Rd4 Ke6 28. R1d2 Bxe2 29. Kxe2 Rxd6 30. Rxd6+ Rxd6 31. Rxd6+ Kxd6 32. Ke3
Kd5 33. b3 b5 34. c3 a5 35. h3 a4 0-1

[Event "Guernsey Challengers 47th"]
[Site "Guernsey"]
[Date "2023.10.16"]
[Round "2"]
[White "Harnden, Terry"]
[Black "Turner, David J"]
[Result "1/2-1/2"]
[WhiteElo "1524"]
[BlackElo "1750"]
[PlyCount "78"]
[EventDate "2023.10.15"]
[EventType "swiss"]
[EventRounds "7"]
[EventCountry "GCI"]
[SourceTitle "BritBase"]
[Source "John Saunders"]
[SourceDate "2023.11.18"]
[SourceVersion "1"]
[SourceVersionDate "2023.11.13"]
[SourceQuality "1"]

1. e4 d6 2. d4 Nf6 3. Nc3 g6 4. f3 Nbd7 5. Bc4 a6 6. a3 e5 7. dxe5 dxe5 8. Be3
Qe7 9. Qd2 c6 10. O-O-O b5 11. Bb3 a5 12. a4 b4 13. Na2 Ba6 14. c3 Nc5 15. Bxc5
Qxc5 16. Kb1 Qb6 17. cxb4 axb4 18. Ne2 Be7 19. Nec1 O-O 20. Qg5 Qc7 21. Qe3 Qa5
22. Nd3 Bxd3+ 23. Qxd3 c5 24. Qc4 Qa6 25. Qxa6 Rxa6 26. Rc1 Nd7 27. Rhd1 Nb6
28. Nxb4 cxb4 29. Rc6 Rc8 30. Rdc1 Rca8 31. a5 Nd7 32. Rxa6 Rxa6 33. Rc7 Rd6
34. Bd5 Bd8 35. Rc8 Nf6 36. a6 Nxd5 37. exd5 Rxa6 38. Rxd8+ Kg7 39. Rb8 Rd6
1/2-1/2

[Event "Guernsey Challengers 47th"]
[Site "Guernsey"]
[Date "2023.10.16"]
[Round "2"]
[White "Bernard, Christopher"]
[Black "Goris Schouwstra, Adry"]
[Result "1-0"]
[WhiteElo "1516"]
[BlackElo "1715"]
[PlyCount "61"]
[EventDate "2023.10.15"]
[EventType "swiss"]
[EventRounds "7"]
[EventCountry "GCI"]
[SourceTitle "BritBase"]
[Source "John Saunders"]
[SourceDate "2023.11.18"]
[SourceVersion "1"]
[SourceVersionDate "2023.11.13"]
[SourceQuality "1"]

1. Nf3 d5 2. c4 e6 3. g3 c6 4. Bg2 Nd7 5. O-O Ngf6 6. d4 Be7 7. Qc2 O-O 8. Nbd2
h6 9. e4 dxe4 10. Nxe4 Nxe4 11. Qxe4 Nf6 12. Qe2 Re8 13. Rd1 Bd7 14. Bf4 Qa5
15. Ne5 Rad8 16. a3 Qa6 17. Rac1 Bc8 18. Qc2 c5 19. d5 exd5 20. cxd5 Nxd5 21.
Bxd5 Rxd5 22. Rxd5 Be6 23. Rdd1 b5 24. Qe4 c4 25. Qc6 Qxc6 26. Nxc6 Bf6 27. Be5
Bxe5 28. Nxe5 a6 29. Re1 Rc8 30. Red1 a5 31. Rd6 1-0

[Event "Guernsey Challengers 47th"]
[Site "Guernsey"]
[Date "2023.10.16"]
[Round "2"]
[White "Finch, Russell"]
[Black "Collins, Alan"]
[Result "1-0"]
[WhiteElo "1619"]
[BlackElo "1612"]
[PlyCount "37"]
[EventDate "2023.10.15"]
[EventType "swiss"]
[EventRounds "7"]
[EventCountry "GCI"]
[SourceTitle "BritBase"]
[Source "John Saunders"]
[SourceDate "2023.11.18"]
[SourceVersion "1"]
[SourceVersionDate "2023.11.13"]
[SourceQuality "1"]

1. Nf3 d6 2. g3 e5 3. d3 Be7 4. Bg2 f5 5. Nbd2 Nf6 6. O-O O-O 7. c4 c6 8. b3
Na6 9. Bb2 Nc7 10. Qc2 Ne6 11. a3 f4 12. d4 fxg3 13. hxg3 Nxd4 14. Nxd4 exd4
15. Bxd4 Ng4 16. Be4 h6 17. Bh7+ Kh8 18. Bxg7+ Kxg7 19. Qg6+ 1-0